000 00355nam a2200145Ia 4500
005 20241118022901.0
008 240331s9999 xx 000 0 und d
082 _bPAR
_a823
100 _aParker, H,
245 0 _aVillage folk-tales of Ceylon
260 _aDehiwala
_bTisara Press
_c1910
300 _avii, 383 p .,
650 _aShort Stories
942 _cL
999 _c2976
_d2976